| 000 | 00867nam a2200277 4500 | ||
|---|---|---|---|
| 001 | 16657 | ||
| 003 | ES-MaACL | ||
| 005 | 20250822030933.0 | ||
| 007 | t| | ||
| 008 | 001020s19860000sp a ||||0| spa d | ||
| 020 | _a84-7509-345-0 | ||
| 080 | _a591.5 | ||
| 080 | _a159.929 | ||
| 100 | 1 |
_aLorenz, Konrad. _974127 |
|
| 245 | 1 | 0 |
_aFundamentos de la etología : _bestudio comparado de las conductas / _cKonrad Lorenz ; [traducción de Roberto Bein]. |
| 250 | _a1ª ed. castellana. | ||
| 260 |
_aBarcelona : _bPaidós, _c1986. |
||
| 300 |
_a349 p. : _bil. ; _c22 cm. |
||
| 490 | 1 | _aPaidós studio básica ; 27 | |
| 504 | _aBibliografía: p. 309-319. | ||
| 650 | 4 |
_aAnimales- _xConducta. _99833 |
|
| 650 | 7 |
_aPsicología comparada _2embne _916556 |
|
| 830 | 1 |
_aPaidós studio básica ; 27 _9228664 |
|
| 852 |
_aES-MaACL _jL-23660 |
||
| 999 |
_c16657 _d16657 |
||